000 00966cam a2200313 a 4500
001 18008
003 BD-RjUL
005 20211209000226.0
008 140219s1969 enkacfh b 001 0beng
020 _a0237351285
020 _a0237351293 (pbk)
035 _a(BD-RjUL)18066
040 _aDLC
_cDLC
_dUKM
_dEQO
_dBD-RjUL
_beng
041 _aeng
082 0 0 _a821.8
_bTHM
100 1 _aThorpe, Michael.
_955517
245 1 0 _aMatthew Arnold /
260 _aLondon :
_bEvans Brothers,
_c1969.
300 _a176 p., [4] p. of plates :
_bill., facsim., port. ;
_c19 cm.
490 1 _aLiterature in perspective
504 _aIncludes Bibliography: p. 169-170 and index.
600 1 0 _aArnold, Matthew,
_d1822-1888.
_955140
650 0 _aPoets, English
_y19th century
_vBiography.
_955518
650 0 _aCritics
_zGreat Britain
_vBiography.
_955519
830 0 _aLiterature in perspective
_955529
942 _2ddc
_cBK
999 _c18008
_d18008